Három volgai kipcsak etimológia

Elmentve itt :
Bibliográfiai részletek
Szerző: Róna-Tas András
Dokumentumtípus: Cikk
Megjelent: [JATE] Szeged 1977
Sorozat:Acta Universitatis Szegediensis de Attila József Nominatae : Sectio ethnographica et linguistica = Néprajz és nyelvtudomány
Kulcsszavak:Kipcsak nyelvek - etimológia
Tárgyszavak:
Online Access:http://misc.bibl.u-szeged.hu/64468
LEADER 00895nab a2200229 i 4500
001 misc64468
005 20230503091102.0
008 230209s1977 hu o 0|| hun d
040 |a SZTE Miscellanea Repozitórium  |b hun 
041 |a hun 
041 |a eng 
100 2 |a Róna-Tas András 
245 1 0 |a Három volgai kipcsak etimológia  |h [elektronikus dokumentum] /  |c  Róna-Tas András 
260 |a [JATE]  |b Szeged  |c 1977 
300 |a 293-298  |c 25 cm 
490 0 |a Acta Universitatis Szegediensis de Attila József Nominatae : Sectio ethnographica et linguistica = Néprajz és nyelvtudomány 
561 |a Németh Gyula hagyaték 
591 |a NOA 5098; LOA 3227; B 85388; XKEK 1967; XKEK 1968 
650 4 |a Bölcsészettudományok 
650 4 |a Nyelvek és irodalom 
695 |a Kipcsak nyelvek - etimológia 
856 4 0 |u http://misc.bibl.u-szeged.hu/64468/1/5098_noa.pdf  |z Dokumentum-elérés